header

Regularization methods in Banach spaces (Record no. 97278)

MARC details
000 -LEADER
fixed length control field 01379nam a2200349 a 4500
082 04 - DEWEY DECIMAL CLASSIFICATION NUMBER
Classification number 515/.732
100 1# - MAIN ENTRY--AUTHOR NAME
Personal name Schuster, Thomas,
245 10 - TITLE STATEMENT
Title Regularization methods in Banach spaces
260 ## - PUBLICATION, DISTRIBUTION, ETC. (IMPRINT)
Place of publication Berlin ;
-- Boston :
Name of publisher De Gruyter,
Year of publication c2012.
300 ## - PHYSICAL DESCRIPTION
Number of Pages xi, 283 p. :
Other physical details ill.
650 #0 - SUBJECT ADDED ENTRY--TOPICAL TERM
Topical Term Banach spaces.
Topical Term Parameter estimation.
Topical Term Differential equations, Partial.
856 40 - ELECTRONIC LOCATION AND ACCESS
Uniform Resource Identifier http://site.ebrary.com/lib/rucke/Doc?id=10606482

No items available.

© 2026 Rongo University
Contact us: librarian | system librarian | Rongo university